[Event "Eastern Asia-ch U20"]
[Site "Kota Kinabalu"]
[Date "2023.12.07"]
[Round "8"]
[White "Abdul Sahim, Muhd Tirmidzi"]
[Black "Labog, Jan Clifford"]
[Result "0-1"]
[WhiteElo "1435"]
[BlackElo "1818"]
[PlyCount "90"]
[EventDate "2023.12.02"]
[EventType "swiss"]
[EventRounds "9"]
[EventCountry "MAS"]
[SourceTitle "CB50_2023"]
[SourceDate "2023.12.13"]
[SourceVersion "1"]
[SourceVersionDate "2023.12.13"]
[SourceQuality "1"]

1. e4 e5 2. Nf3 Nc6 3. Bb5 a6 4. Ba4 Nf6 5. d3 d6 6. h3 g6 7. Nc3 Bg7 8. 0-0 h6 9. Be3 0-0 10. Qd2 Kh7 11. Rad1 Bd7 12. Nh2 Nh5 13. g4 f5 14. f3 f4 15. Bf2 Ng3 16. Rfe1 b5 17. Bb3 Nd4 18. Kg2 h5 19. Bxd4 exd4 20. Ne2 Qh4 21. Rg1 Be5 22. Qe1 Kg7 23. Rh1 Rh8 24. Nxg3 fxg3 25. c3 c5 26. cxd4 cxd4 27. Rc1 Rac8 28. Rxc8 Bxc8 29. Bd1 g5 30. Nf1 Be6 31. Nxg3 Qxg3+ 32. Qxg3 Bxg3 33. Kxg3 h4+ 34. Kf2 Rc8 35. Re1 Kf6 36. f4 gxf4 37. Kf3 Ke5 38. Bb3 Bxb3 39. axb3 Rc2 40. Re2 Rc1 41. Rd2 Re1 42. g5 Rg1 43. Rg2 Rd1 44. g6 Rxd3+ 45. Kg4 Rg3+ 0-1